LEADER 01460nam a2200229 i 4500 001 000000211542 003 CaOOAMICUS 005 20120306000000.0 008 120306s1567 it u000 u ita u 013 $a190355 040 $aSeMil$bita 245 10$aGeorgica :$btesto e trad. di Bernardino Daniello ; Bucolica : testo e trad. di Andrea Lori ; Culex ; Ciris. 260 $a[Venezia :$bDomenico Farri,$c1567?] 300 $a15,5 x 20,5 ;$cpp. effettive 444 ;$crom. 500 $aE' forse il secondo volume delle opere di Virgilio con testo latino e traduzione poetica. - Manca il frontespizio con le note tipografiche. - Mancano le pagine 365-372 ed è mutilo dopo la pagina 452. - Le note tipografiche sono soltanto presumibili e sono derivate da : Short-title catalogue of italian Books ..., pag. 731. - Descrizione da : Incunaboli e Cinquecentine della Biblioteca del Seminario di Milano / catalogo a cura di Ubaldo Valentini, Milano 1981. - Numero di catalogo : 1667. 700 1 $aVergilius Maro, Publius,$d<70-19 a.C.>.$0(OLS)http://semarc/name/6169 850 $aSeMil 852 $aSeMil$W1$xVenegono$y1$mFV.F II 81$j161982$B161982$CSeMilBibl$Z2$F173315 $86 900 0 $aVirgilio. 996 $6245$aGeorgica :$btesto e trad. di Bernardino Daniello ; Bucolica : testo e trad. di Andrea Lori ; Culex ; Ciris$9(OLS)http://semarc/title/305570 996 $6260$a[Venezia :$bDomenico Farri$9(OLS)http://semarc/publisher/52577 LEADER 01681nam a2200229 i 4500 001 000000221138 003 CaOOAMICUS 005 20240219142451.0 008 130619s1709 it u000 u lat u 013 $a200035 026 $ae,od 1.6. rete bure (3) 1709 (R) 040 $aSeMil$bita 245 10$aPars tertia primae editionis in qua praeter formulas declaratoriarum, & denunciationum censurarum, quamplures aliae formulae, .. 264 1$aRomae :$bNovissimis Typis Josephi Nicolai De Martiis, prope Magnam Curiam Innocentianam,$c1709. 300 $a[50], 236, [4] p. 500 $aSegn.: §6 a-d4 e2 f2(-f2) A-2G4 773 0 $aMonacelli, Francesco$tFormularium legale practicum fori ecclesiastici, in quo formulae expeditionum de his, quae pertinent ad officium judicis nobile usu frequentium continentur. Cum adnotationibus legalibus practicis, ut plurimum Sac. Congregationum Responsis roboratis, & illustratis. ... Auctore Francisco Monacelli ... Pars 1. [-3.].$dRomae : Nicolai de Martiis, prope Templum Sanctae Mariae Pacis : Si vendono nelle librerie di Francesco Giannini, a Pasquino all'insegna dell'Angelo, e da Erasmo Silvestri in Piazza Navona, all'insegna dell'Europa, 1706-1714.$g3$w()13449 850 $aSeMil 852 $aSeMil$W1$xVenegono$y1$m2J VI 30 FA$j171489$B171489$CSeMilBibl$Z2$F181881 $8I 996 $6245$aPars tertia primae editionis in qua praeter formulas declaratoriarum, & denunciationum censurarum, quamplures aliae formulae, ..$9(OLS)http://semarc/title/317024 996 $6264$aRomae :$bNovissimis Typis Josephi Nicolai De Martiis, prope Magnam Curiam Innocentianam$9(OLS)http://semarc/publisher/53190